| 000 -LEADER |
| fixed length control field |
01387pab a2200169 454500 |
| 008 - FIXED-LENGTH DATA ELEMENTS--GENERAL INFORMATION |
| fixed length control field |
180718b2008 xxu||||| |||| 00| 0 eng d |
| 100 ## - MAIN ENTRY--PERSONAL NAME |
| Personal name |
Bregn, Kirsten |
| 245 ## - TITLE STATEMENT |
| Title |
Management of the new pay systems in the public sector - some implications of insights gained from experiments |
| 260 ## - PUBLICATION, DISTRIBUTION, ETC. |
| Date of publication, distribution, etc. |
2008 |
| 300 ## - PHYSICAL DESCRIPTION |
| Extent |
p.79-93. |
| 362 ## - DATES OF PUBLICATION AND/OR SEQUENTIAL DESIGNATION |
| Dates of publication and/or sequential designation |
Mar |
| 520 ## - SUMMARY, ETC. |
| Summary, etc. |
During recent decades, new pay systems have been widely introduced in Organization for Economic Co-operation and Development (OECD) countries. Experiments draw attention to some aspects which are normally not included in analyses of pay systems, namely fairness and reciprocity. Furthermore, the experiments indicate a different understanding of what are perceived as gains and losses than what is assumed in conventional economic theory, and they also indicate an asymmetric evaluation of gains and losses. The aim of the article is to present some results from these experiments and to investigate their implications for pay systems in the public sector. The conclusion is that the results have important implications for the management of pay systems, and due to some specific characteristics of the public sector, for management of pay systems in the public sector in particular. - Reproduced. |
| 650 ## - SUBJECT ADDED ENTRY--TOPICAL TERM |
| Topical term or geographic name entry element |
Public administration |
| 773 ## - HOST ITEM ENTRY |
| Main entry heading |
International Review of Administrative Sciences |
| 908 ## - PUT COMMAND PARAMETER (RLIN) |
| Put command parameter |
N |
| 909 ## - |
| -- |
77859 |